El faro a Colón : mayo-agosto de 1959 /

Los temas principales en esta revista se centran en el descubrimiento de América por Cristóbal Colón y en acontecimientos políticos de Ciudad Trujillo (Santo Domingo) durante los años de edición.

Shranjeno v:
Bibliografske podrobnosti
Drugi avtorji: Garrido, Fernando Arturo (dirección) (dirección)
Format: Knjiga
Jezik:španščina
Teme:
Oznake: Označite
Brez oznak, prvi označite!

MARC

LEADER 00000nam^a2200000^a^4500
001 000136205
005 20250521000000.0
009 20260310095311.754
037 |a Acervo ITESO - Biblioteca 
041 |a ESP 
082 |a 972. 930005  |b FAR V. 24 
240 1 4 |a [El faro a Colón] 
245 0 3 |a El faro a Colón :  |b mayo-agosto de 1959 /  |c Dir. de F.A. Garrido. 
264 |a Santo Domingo, República Dominicana :  |b Editores Pol Hermanos,  |c 1959 
300 |a 159 p. 
336 |a texto  |b txt  |2 rdacontenido 
337 |a sin mediación  |b n  |2 rdamedio 
338 |a volumen  |b nc  |2 rdasoporte 
520 |a Los temas principales en esta revista se centran en el descubrimiento de América por Cristóbal Colón y en acontecimientos políticos de Ciudad Trujillo (Santo Domingo) durante los años de edición. 
649 |a XX 
650 |a República Dominicana -  |x Historia -  |x Publicaciones Periódicas 
650 |a Publicaciones Periódicas Dominicanas 
650 |a Religiosos Españoles 
650 |a Evangelización -  |z República Dominicana -  |x Historia 
650 |a Misiones -  |z República Dominicana -  |x Historia 
650 |a Monasticismo y Ordenes Religiosas -  |z República Dominicana -  |x Historia 
650 |a Iglesia Católica en República Dominicana -  |x Historia 
650 |a Córdoba, Pedro de, Fray 
650 |a Montesinos, Antón de, Fray 
650 |a República Dominicana -  |x Historia -  |y Descubrimiento y Conquista, 1492-1502 
650 |a Exploradores y Viajeros Italianos -  |x Biografías 
650 |a Descubrimientos Geográficos -  |z América -  |x Historia 
650 |a Viajes y Travesías -  |z América -  |x Historia 
650 |a América -  |x Historia -  |y Descubrimiento y Exploración 
650 |a Colón, Cristóbal 
700 |a Garrido, Fernando Arturo  |e (dirección) 
910 |a Fondo Salvador Reynoso Reynoso 
920 |a Impresos - Libros 
930 |a Fondos Especiales 
905 |a 112 
901 |a 0800013444  |b IT2  |c ESP  |u 20250521 
902 |a https://opac.biblio.iteso.mx/vufind/Record/000136205